Statistics for Movies with twins

Click here to take the quiz!

General Stats

  • This quiz has been taken 19 times
  • The average score is 5 of 16

Answer Stats

Hint Year Released Answer % Correct
The Parent Trap1998Lindsay Lohan
94%
The Man in the Iron Mask1998Leonardo di Caprio
67%
Jack and Jill2011Adam Sandler
61%
Goldmember2002Mike Myers
50%
Multiplicity1996Michael Keaton
44%
Adaptation2002Nicholas Cage
44%
Big Business1988Bette Midler & Lily Tomlin
39%
Double Impact1991Jean-Claude Van Damme
22%
Legend2015Tom Hardy
22%
Dead Ringers1988Jeremy Irons
17%
Alice in Wonderland2010Matt Lucas
11%
The Spiderwick Chronicles2008Freddie Highmore
11%
Twin Dragons1992Jackie Chan
11%
Leaves of Grass2009Edward Norton
6%
The Dark Mirror1946Olivia de Havilland
0%
Dead Ringer1964Bette Davis
0%

Score Distribution

Percentile by Number Answered

Percent of People with Each Score

Your Score History

You have not taken this quiz